Geboren in Münster - Statistiken

Allgemein
  • Dieses Quiz wurde 136 mal gespielt
    114 seit der letzten Aktualisierung
  • Das Durchschnittsergebnis liegt bei 3 aus 10
Antwortstatistiken
Hinweis Antwort % Korrekt
Fersehmoderator, "Wer wird Millionär?" 1956 Günther Jauch
99%
Mode-Designer bekannt aus der Sendung "Shopping Queen" 1956 Guido Maria Kretschmer
71%
Sänger und Moderator der Sendung "Zimmer frei" 1957 Götz Alsmann
30%
Sänger, "Kreise" "An guten Tagen" 1981 Johannes Oerding
27%
Schauspielerin, "Lola rennt" 1974 Franka Potente
18%
Reichskanzler von 1930-1932 1885 Heinrich Brüning
18%
Autorin, "Taunus"-Krimis und Pferde-Jugendbücher 1967 Nele Neuhaus
10%
Sängerin und international bekannte Musicaldarstellerin 1963 Ute Lemper
8%
CDU-Politikerin, Kulturbeauftragte der Bundesregierung 1962 Monika Grütters
5%
Moderatorin des heute-Journals 1987 Hanna Zimmermann
3%
Keine übereinstimmenden Quizze gefunden
Verteilung der Resultate
Anzahl Personen mit jedem Resultat
Perzentil nach korrekt beantworteten Fragen
Ihre Resultats-Entwicklung
Sie haben dieses Quiz seit der letzten Aktualisierung nicht gespielt